00752nam a2200253 a 4500001001300000003000900013005001700022008004100039020001000080082001600090100002000106245006800126260002800194300000900222500003500231505002800266650002200294650001100316700002000327902000800347942000700355952011900362999001700481nice12345678IN_TiNIC20260116015323.0071217s2006 lona grp 000 0 eng  ac39500a954.84bZUB aZubrzycki, John aLast Nizamb The Rise and Fallof India`s Greatest Princelystate aLondon bPicador c2006 a382p aincludes index and biblioraphy2 aendnotes, biblil, index aHyderabad-History aNizams1 aZubrzycki, John bSRS cBK 001040708StackRoom-aHMIbHMId2007-12-18g395.00l0o954.84 ZUBp11002060r2007-12-18v395.00w2007-12-17yBK c19228d19228